Holiday Quiz

Random Holiday or Christmas Quiz

5 by 5 Animated Christmas Characters Quiz Stats

 Plays Quiz Updated Jun 9, 2017

Support Sporcle.
Go Orange.
Score 0/25 Timer 05:00
5 Plays Today
Hint Answer % Correct
Snoopy
90.3%
A Charlie Brown
Christmas
Linus van Pelt
87.1%
Lucy van Pelt
83%
A Nightmare Before ChristmasJack Skellington
75.8%
Pig Pen
72%
Schroeder
55.8%
Kris Kringle
53.8%
Jessica Claus
52.6%
Mary
51.3%
Yukon Cornelius
49.6%
Comet the Coach
48.2%
The Little Drummer
Boy
Aaron
44.6%
Rudolph, the Red-Nosed ReindeerHermie
41.5%
Hint Answer % Correct
Sally
35.1%
Oogie Boogie
32.3%
Clarice
30.6%
Burgermeister Meisterburger
27.2%
Santa Claus is Coming to TownWinter Warlock
26.1%
Mayor of Halloweentown
25.7%
King Moonracer
14.9%
Tanta Kringle
11.9%
Dr. Finkelstein
9%
Ben Haramed
5.6%
Joshua
4.7%
Samson
4.7%

You're not logged in!

Compare scores with friends on all Sporcle quizzes.
OR
Log In
Forgot?

From the Vault

'L' Anatomy

by brocko

The only way we've ever been able to tell our right from our left is making L's with our fingers.
Remove Ads.
Support Sporcle.
Get the best of Sporcle when you Go Orange. This ad-free experience offers more features, more stats, and more fun while also helping to support Sporcle. Thank you for becoming a member.

Show Comments

Extras

Top Quizzes Today


Score Distribution

Your Account Isn't Verified!

In order to create a playlist on Sporcle, you need to verify the email address you used during registration. Go to your Sporcle Settings to finish the process.

Report this User

Report this user for behavior that violates our Community Guidelines.

Details: